| 000 | 00346nam a2200133Ia 4500 | ||
|---|---|---|---|
| 008 | 230717s9999 xx 000 0 und d | ||
| 020 | _a0-406-50422-9 | ||
| 041 | _aeng | ||
| 082 |
_a340.5 _bJAM |
||
| 100 | _aJames P.S | ||
| 245 | _aIntroduction To English Law | ||
| 250 | _a12ed. | ||
| 260 |
_aLondon _bButterworth And Co. (Publishers) Ltd _c1989 |
||
| 999 |
_c671063 _d671063 |
||